[Event "10th EUR-ch (w)"]
[Site "Sankt Petersburg RUS"]
[Date "2009.03.18"]
[Round "10"]
[White "Stiazhkina, Anna"]
[Black "Shaidullina, Sandugach"]
[Result "0-1"]
[WhiteElo "1926"]
[BlackElo "2232"]
[EventDate "2009.03.08"]
[PlyCount "82"]

1.d4 d5 2.c4 c6 3.cxd5 cxd5 4.Nc3 Nf6 5.Nf3 Nc6 6.Bf4 e6 7.e3 Be7 8.Be2 
O-O 9.O-O Nh5 10.Rc1 Nxf4 11.exf4 Bd7 12.a3 Bd6 13.g3 Qe7 14.Re1 Rfc8 15.
Bd3 Qf6 16.Bb1 g6 17.Ne5 Be8 18.Qd2 Bf8 19.Bc2 Rab8 20.Bd1 Qd8 21.Nxc6 
Bxc6 22.Bf3 Bg7 23.Red1 Qb6 24.h4 Bd7 25.Be2 Rc7 26.Rb1 Rbc8 27.h5 a6 28.
f5 gxf5 29.h6 Bf6 30.g4 Kh8 31.Kh1 Rg8 32.gxf5 Rcc8 33.Qf4 Qc7 34.Qxc7 
Rxc7 35.fxe6 fxe6 36.Rg1 Rcc8 37.Bh5 Bxd4 38.Rbd1 Rxg1+ 39.Rxg1 Rf8 40.Ne2
Bxf2 41.Rg7 Bc6 0-1

[Event "10th EUR-ch (w)"]
[Site "Sankt Petersburg RUS"]
[Date "2009.03.18"]
[Round "10"]
[White "Balaian, Alina"]
[Black "Bogumil, Tatiana"]
[Result "1/2-1/2"]
[WhiteElo "2037"]
[BlackElo "2218"]
[EventDate "2009.03.08"]
[PlyCount "82"]

1.e4 c5 2.Nc3 Nc6 3.g3 g6 4.d3 Bg7 5.Be3 d6 6.Qd2 Rb8 7.Bg2 b5 8.h3 b4 9.
Nd1 a5 10.Ne2 Ba6 11.f4 Nd4 12.Nc1 Qb6 13.c3 bxc3 14.bxc3 Nc6 15.a4 e6 16.
f5 Ne5 17.O-O Nf6 18.g4 exf5 19.gxf5 gxf5 20.Rxf5 Bc8 21.Rf1 Rg8 22.Ra2 
Be6 23.Rb2 Qc7 24.Ne2 Nh5 25.Nf4 Nxf4 26.Bxf4 Rxb2 27.Qxb2 Bf6 28.Kh1 Qc8 
29.Nf2 Bh4 30.Bxe5 dxe5 31.Qe2 Qd7 32.Qh5 Bxf2 33.Rxf2 Rg6 34.Qxh7 Qxd3 
35.Qh8+ Ke7 36.Qxe5 Qd1+ 37.Kh2 Qd6 38.Qxd6+ Kxd6 39.Rd2+ Kc7 40.Bf1 Rf6 
41.Bg2 Bb3 1/2-1/2

[Event "10th EUR-ch (w)"]
[Site "Sankt Petersburg RUS"]
[Date "2009.03.18"]
[Round "10"]
[White "Kirillova, Varvara"]
[Black "Baciu, Diana"]
[Result "1-0"]
[WhiteElo "2246"]
[BlackElo "2107"]
[EventDate "2009.03.08"]
[PlyCount "59"]

1.e4 c5 2.Nf3 e6 3.d3 Nc6 4.g3 g6 5.Bg5 f6 6.Bf4 e5 7.Be3 d6 8.Bg2 Bg7 9.
O-O Nge7 10.c3 Be6 11.d4 cxd4 12.cxd4 Bf7 13.d5 Nb8 14.Nc3 O-O 15.Rc1 b6 
16.b4 a6 17.Nd2 Nd7 18.Nc4 Nc8 19.Bh3 Rb8 20.b5 a5 21.Na4 Be8 22.Be6+ Kh8 
23.Qb3 Nc5 24.Nxc5 bxc5 25.a4 Nb6 26.Nxa5 Nxd5 27.Qxd5 Qxa5 28.Qxd6 Rd8 
29.Qe7 Rb8 30.Rxc5 1-0

[Event "10th EUR-ch (w)"]
[Site "Sankt Petersburg RUS"]
[Date "2009.03.18"]
[Round "10"]
[White "Nikanova, Ekaterina"]
[Black "Butuc, Maria"]
[Result "0-1"]
[WhiteElo "2049"]
[BlackElo "2182"]
[EventDate "2009.03.08"]
[PlyCount "82"]

1.e4 c6 2.d4 d5 3.Nc3 h6 4.f3 e6 5.Bf4 Nf6 6.a3 Qb6 7.e5 Nfd7 8.b4 a5 9.b5
c5 10.Be3 Qc7 11.f4 Nb6 12.Nf3 N8d7 13.Be2 cxd4 14.Bxd4 Bc5 15.O-O Bxd4+ 
16.Qxd4 Qc5 17.Rad1 O-O 18.f5 Qxd4+ 19.Rxd4 Nc5 20.fxe6 Bxe6 21.Rfd1 Rac8 
22.R1d2 Rc7 23.Ne1 Ncd7 24.Na4 Nxa4 25.Rxa4 b6 26.Rad4 Nxe5 27.Nf3 Ng6 28.
Nh4 Ne7 29.Bg4 Bxg4 30.Rxg4 Rfc8 31.Re2 Kf8 32.Rd4 Rxc2 33.Rxe7 Kxe7 34.
Nf5+ Kf6 35.Ne3 Rc1+ 36.Kf2 R1c5 37.Rf4+ Ke6 38.a4 f6 39.g4 g6 40.Rd4 Ke5 
41.Rd2 d4 0-1

[Event "10th EUR-ch (w)"]
[Site "Sankt Petersburg RUS"]
[Date "2009.03.18"]
[Round "10"]
[White "Hairapetian, Anna"]
[Black "Khropova, Larisa"]
[Result "1-0"]
[WhiteElo "2177"]
[BlackElo "2060"]
[EventDate "2009.03.08"]
[PlyCount "77"]

1.e4 c5 2.Nc3 d6 3.g3 Nc6 4.Bg2 Nf6 5.d3 e6 6.Nh3 Qc7 7.O-O a6 8.a4 b6 9.
Be3 Bb7 10.f4 Be7 11.f5 e5 12.Nf2 h6 13.Ng4 Nd4 14.Nxf6+ Bxf6 15.Nd5 Bxd5 
16.exd5 c4 17.Bxd4 exd4 18.Qe2+ Kd7 19.dxc4 Rhe8 20.Be4 Rac8 21.b3 Qc5 22.
Qd3 Rxe4 23.b4 Qxb4 24.Qxe4 Re8 25.Qg2 d3 26.Rab1 Qc5+ 27.Kh1 Re2 28.Qf3 
Re3 29.Qf2 Bd4 30.cxd3 Rxd3 31.Qa2 Ra3 32.Qe2 Re3 33.Qa2 Ra3 34.Qg2 Rxa4 
35.f6 gxf6 36.Qh3+ Ke7 37.Rbe1+ Be5 38.Qxh6 Qd4 39.Qxf6+ 1-0

[Event "10th EUR-ch (w)"]
[Site "Sankt Petersburg RUS"]
[Date "2009.03.18"]
[Round "10"]
[White "Cherednichenko, Elena"]
[Black "Zizlova, Sofia"]
[Result "1-0"]
[WhiteElo "2161"]
[BlackElo "2020"]
[EventDate "2009.03.08"]
[PlyCount "113"]

1.d4 Nf6 2.Nf3 g6 3.Nc3 d5 4.Bf4 a6 5.e3 Bg7 6.Be2 O-O 7.h4 Bg4 8.Ne5 Bxe2
9.Qxe2 c5 10.g4 Nc6 11.O-O-O Qa5 12.Kb1 e6 13.h5 Nxe5 14.Bxe5 b5 15.Bxf6 
Bxf6 16.Qf3 Be7 17.g5 b4 18.Ne2 Qb5 19.Nf4 Qd7 20.Qh3 Bxg5 21.hxg6 fxg6 
22.Nxe6 Bf6 23.Nxf8 Qxh3 24.Rxh3 Rxf8 25.dxc5 Be7 26.Rxd5 Rxf2 27.a3 bxa3 
28.bxa3 Rf6 29.e4 Rc6 30.Rd7 Bxc5 31.Rhxh7 Bxa3 32.Rc7 Re6 33.Ka2 Bd6 34.
Rcg7+ Kf8 35.Ra7 Kg8 36.Rhd7 Bf8 37.Rd4 Be7 38.Ra4 g5 39.R7xa6 Re5 40.R6a5
Re6 41.e5 Kf7 42.Kb3 Rg6 43.Rg4 Rb6+ 44.Kc3 Ke6 45.Kd3 Kf5 46.Re4 g4 47.
e6+ Kf6 48.Rxg4 Kxe6 49.Re4+ Kd6 50.Rae5 Bd8 51.Re6+ Kd7 52.Rxb6 Bxb6 53.
Kc4 Kd6 54.Rg4 Kc6 55.Rg6+ Kb7 56.Rxb6+ Kxb6 57.Kd5 1-0

[Event "10th EUR-ch (w)"]
[Site "Sankt Petersburg RUS"]
[Date "2009.03.18"]
[Round "10"]
[White "Mednikova, Svetlana"]
[Black "Alexeeva, Alena"]
[Result "1/2-1/2"]
[WhiteElo "2160"]
[BlackElo "2039"]
[EventDate "2009.03.08"]
[PlyCount "122"]

1.e4 c6 2.d4 d5 3.f3 e6 4.Nc3 Bb4 5.Ne2 dxe4 6.fxe4 Qh4+ 7.Ng3 Nf6 8.Qf3 
O-O 9.Qf4 Qxf4 10.Bxf4 Rd8 11.O-O-O b6 12.Be2 Bb7 13.Bf3 h6 14.a3 Bxc3 15.
bxc3 b5 16.e5 Nd5 17.Bd2 Nd7 18.Ne4 N7b6 19.Nd6 Rd7 20.Rhf1 Nc4 21.Bxd5 
cxd5 22.Nxc4 dxc4 23.Be3 a5 24.Kd2 Kh7 25.g3 Ba6 26.Rb1 Rb8 27.Rf4 Rc7 28.
Kd1 Bb7 29.Kd2 Bd5 30.Rbf1 Rbb7 31.Rb1 Kg6 32.Rg4+ Kh7 33.Rf4 Rb8 34.Kd1 
Rcb7 35.Kd2 Rc8 36.Rb2 Rg8 37.Rf1 Rc8 38.Rfb1 Bc6 39.Rf1 Bd5 40.Rfb1 Rcb8 
41.Rf1 Kg6 42.Rf2 Rf8 43.Rf1 f5 44.exf6 Rxf6 45.Rfb1 Bc6 46.a4 Rf5 47.Bf4 
Rd5 48.Be5 Kf7 49.Ke3 Ke8 50.axb5 Rdxb5 51.Rxb5 Rxb5 52.Rxb5 Bxb5 53.Bxg7 
a4 54.Kd2 h5 55.h3 Bc6 56.g4 Kf7 57.Be5 h4 58.Bc7 Bg2 59.Bd8 Bxh3 60.Bxh4 
Bxg4 61.Bd8 Kg6 1/2-1/2

[Event "10th EUR-ch (w)"]
[Site "Sankt Petersburg RUS"]
[Date "2009.03.18"]
[Round "10"]
[White "Ni, Viktorija"]
[Black "Lezhepekova, Veronika"]
[Result "1-0"]
[WhiteElo "2150"]
[BlackElo "1917"]
[EventDate "2009.03.08"]
[PlyCount "109"]

1.d4 d6 2.Nf3 Bg4 3.e4 Nf6 4.Bd3 e5 5.dxe5 dxe5 6.Bb5+ Nbd7 7.h3 c6 8.Bc4 
Bh5 9.O-O Be7 10.Qe2 O-O 11.Rd1 Qc7 12.a4 Rad8 13.b3 Nc5 14.Rxd8 Rxd8 15.
Nc3 Qa5 16.Bb2 Bxf3 17.Qxf3 Rd2 18.Ba3 Qd8 19.g4 h6 20.h4 Qd7 21.g5 hxg5 
22.hxg5 Qg4+ 23.Qg3 Qxg3+ 24.fxg3 Ng4 25.g6 Kf8 26.Bxf7 Rxc2 27.Rc1 Rxc1+ 
28.Bxc1 Nf6 29.Be3 b6 30.a5 bxa5 31.Kg2 Nfxe4 32.Nxe4 Nxe4 33.Bxa7 Bb4 34.
Be3 Ke7 35.Kf3 Nd6 36.Bg5+ Kd7 37.Bg8 Bc3 38.g4 Nb7 39.Ke4 Nc5+ 40.Kf5 Bd4
41.Bf6 Nb7 42.Be6+ Ke8 43.Bxg7 Nd6+ 44.Kg5 Ke7 45.Bf5 Ne8 46.Bh8 Be3+ 47.
Kh4 Nf6 48.g5 Ng8 49.g7 Kf7 50.Bh7 Ne7 51.g6+ Ke6 52.g8=Q+ Nxg8 53.Bxg8+ 
Kf5 54.g7 Kg6 55.Bc4 1-0

[Event "10th EUR-ch (w)"]
[Site "Sankt Petersburg RUS"]
[Date "2009.03.18"]
[Round "10"]
[White "Bezgodova, Maria"]
[Black "Ryanova, Valeria"]
[Result "1/2-1/2"]
[WhiteElo "2101"]
[BlackElo "2113"]
[EventDate "2009.03.08"]
[PlyCount "106"]

1.e4 c5 2.Nf3 d6 3.d4 cxd4 4.Nxd4 Nf6 5.Nc3 g6 6.g3 Nc6 7.Nde2 Bg7 8.Bg2 
O-O 9.O-O Rb8 10.a4 Qa5 11.h3 Nb4 12.Bd2 Qh5 13.Qc1 Bd7 14.g4 Qc5 15.Be3 
Qa5 16.Qd2 Rbc8 17.Nd4 Nc6 18.Nxc6 bxc6 19.Rad1 Rfd8 20.Bh6 Bxh6 21.Qxh6 
Qb4 22.Qe3 Be6 23.b3 d5 24.Rd4 Qb6 25.exd5 Nxd5 26.Nxd5 Bxd5 27.a5 Qc5 28.
c4 e5 29.Qxe5 Re8 30.Qf4 Bxg2 31.Kxg2 Qxa5 32.Rd7 Rf8 33.Rfd1 Rcd8 34.Rxd8
Rxd8 35.b4 Qb6 36.c5 Qb8 37.Rxd8+ Qxd8 38.Qe4 Qc8 39.Qc4 Kf8 40.Qd4 Qb7 
41.Qd8+ Kg7 42.Qd6 g5 43.Qd4+ f6 44.Qc4 a6 45.Qd4 Qb5 46.Qd7+ Kg6 47.Qe8+ 
Kg7 48.Qe7+ Kg6 49.Qf8 Qe2 50.Qd6 Qe4+ 51.Kg1 Qe1+ 52.Kg2 Qe4+ 53.Kg1 Qe1+
1/2-1/2

[Event "10th EUR-ch (w)"]
[Site "Sankt Petersburg RUS"]
[Date "2009.03.18"]
[Round "10"]
[White "Kouvatsou, Maria"]
[Black "Petrukhina, Irina"]
[Result "1-0"]
[WhiteElo "2208"]
[BlackElo "1905"]
[EventDate "2009.03.08"]
[PlyCount "53"]

1.e4 c5 2.c3 d5 3.exd5 Qxd5 4.d4 Nc6 5.Nf3 Bg4 6.Be2 cxd4 7.cxd4 e6 8.Nc3 
Qa5 9.h3 Bh5 10.d5 O-O-O 11.Bd2 exd5 12.O-O Nf6 13.g4 Bg6 14.Nb5 Bb4 15.
Bf4 Ne8 16.a3 Be7 17.b4 Qb6 18.Rc1 Bf6 19.a4 a5 20.bxa5 Qxa5 21.Nfd4 Qa8 
22.Nxc6 bxc6 23.Rxc6+ Kb7 24.Nc7 Qa5 25.Qc1 Nxc7 26.Rxc7+ Ka8 27.Qc6+ 1-0

[Event "10th EUR-ch (w)"]
[Site "Sankt Petersburg RUS"]
[Date "2009.03.18"]
[Round "10"]
[White "Papadopoulou, Vera"]
[Black "Gorbatenko, Kateryna"]
[Result "1/2-1/2"]
[WhiteElo "2190"]
[BlackElo "2071"]
[EventDate "2009.03.08"]
[PlyCount "55"]

1.d4 Nf6 2.c4 g6 3.Nc3 Bg7 4.e4 d6 5.Be2 O-O 6.Bg5 c5 7.d5 b5 8.cxb5 a6 9.
a4 Qa5 10.Bd2 Qb4 11.f3 Nfd7 12.Qc1 c4 13.Nd1 Qc5 14.Bxc4 Nb6 15.Be2 Qxc1 
16.Bxc1 axb5 17.Bxb5 Bd7 18.Bxd7 N8xd7 19.a5 Nc4 20.Bd2 Nc5 21.Bc3 Nxb2 
22.Bxb2 Nd3+ 23.Kd2 Nxb2 24.Nxb2 Rfb8 25.Ra2 Rxb2+ 26.Rxb2 Bxb2 27.Ne2 
Rxa5 28.Rb1 1/2-1/2

[Event "10th EUR-ch (w)"]
[Site "Sankt Petersburg RUS"]
[Date "2009.03.18"]
[Round "10"]
[White "Makka, Evanthia"]
[Black "Grigorieva, Olga"]
[Result "1-0"]
[WhiteElo "2110"]
[BlackElo "2016"]
[EventDate "2009.03.08"]
[PlyCount "33"]

1.e4 d5 2.exd5 Qxd5 3.Nc3 Qa5 4.d4 c6 5.Bc4 Nf6 6.Bd2 Bf5 7.Qe2 e6 8.d5 
cxd5 9.Nxd5 Qd8 10.Nxf6+ Qxf6 11.Nf3 a6 12.O-O-O Nc6 13.Bg5 Qg6 14.Qd2 Be7
15.Qd7+ Kf8 16.Bxe7+ Kg8 17.Qxb7 1-0

[Event "10th EUR-ch (w)"]
[Site "Sankt Petersburg RUS"]
[Date "2009.03.18"]
[Round "10"]
[White "Bakalarz, Grazyna"]
[Black "Zykova, Antonina"]
[Result "1/2-1/2"]
[WhiteElo "2024"]
[BlackElo "2103"]
[EventDate "2009.03.08"]
[PlyCount "90"]

1.d4 d5 2.Bf4 Nf6 3.e3 g6 4.Nf3 Bg7 5.h3 O-O 6.Be2 b6 7.O-O c5 8.c3 Bb7 9.
Nbd2 Nbd7 10.Ne5 Ne8 11.Nxd7 Qxd7 12.Nf3 Nd6 13.a4 c4 14.Ne5 Qd8 15.Qc2 f6
16.Nf3 Kh8 17.Nd2 e5 18.dxe5 fxe5 19.Bh2 d4 20.cxd4 exd4 21.exd4 Qg5 22.d5
Bxd5 23.Bg4 Nf5 24.Ne4 Qe7 25.Bxf5 Rxf5 26.Nc3 Bb7 27.Rad1 Rg5 28.f3 Re8 
29.Kh1 a6 30.Qd2 h6 31.Rfe1 Qf7 32.Rxe8+ Qxe8 33.Bf4 Rh5 34.Qd8 Qxd8 35.
Rxd8+ Kh7 36.Rb8 Rf5 37.Rxb7 Rxf4 38.Rxb6 Rf6 39.Rb7 g5 40.Ne4 Rc6 41.Kg1 
Kg6 42.Kf2 Bd4+ 43.Ke2 Kf5 44.Kd2 Ke5 45.Ke2 Kd5 1/2-1/2

[Event "10th EUR-ch (w)"]
[Site "Sankt Petersburg RUS"]
[Date "2009.03.18"]
[Round "10"]
[White "Abuladze, Lana"]
[Black "Goriachkina, Alexandra"]
[Result "1/2-1/2"]
[WhiteElo "2029"]
[BlackElo "2020"]
[EventDate "2009.03.08"]
[PlyCount "114"]

1.e4 d5 2.exd5 Qxd5 3.d4 Nf6 4.Nf3 Bg4 5.Be2 e6 6.c4 Qd6 7.Nc3 c6 8.O-O 
Be7 9.h3 Bh5 10.Ne5 Bxe2 11.Nxe2 O-O 12.Bf4 Qb4 13.Qc2 Nbd7 14.Ng3 Nxe5 
15.Bxe5 Nd7 16.Bc7 Nb6 17.b3 Bd8 18.Bf4 Qe7 19.c5 Nc8 20.Ne4 Qd7 21.Rad1 
Ne7 22.Bd6 h6 23.Qd3 Re8 24.Bxe7 Bxe7 25.f4 Rad8 26.Qf3 Qd5 27.Rf2 f5 28.
Nc3 Qxf3 29.Rxf3 Bf6 30.Rfd3 Rd7 31.b4 Red8 32.Ne2 e5 33.fxe5 Bxe5 34.Kf2 
Bf6 35.Kf3 Kf7 36.a4 g5 37.Ke3 Re7+ 38.Kf3 Red7 39.b5 h5 40.a5 cxb5 41.a6 
bxa6 42.Ra3 Bxd4 43.Nxd4 Rxd4 44.Rxd4 Rxd4 45.Rxa6 Rc4 46.Rxa7+ Ke6 47.Rh7
g4+ 48.Kf2 f4 49.Rxh5 Rc2+ 50.Kf1 g3 51.c6 b4 52.Rb5 Rf2+ 53.Ke1 Kd6 54.
Rxb4 Kxc6 55.Re4 Rxg2 56.Rxf4 Rh2 57.Kf1 Rxh3 1/2-1/2

[Event "10th EUR-ch (w)"]
[Site "Sankt Petersburg RUS"]
[Date "2009.03.18"]
[Round "10"]
[White "Kluchik, Yulia"]
[Black "Martynova, Anastasia"]
[Result "1-0"]
[WhiteElo "1953"]
[BlackElo "1894"]
[EventDate "2009.03.08"]
[PlyCount "119"]

1.d4 e6 2.e4 d5 3.exd5 exd5 4.Bd3 Bd6 5.Nf3 Bg4 6.h3 Bh5 7.Be3 Nd7 8.Nbd2 
Ngf6 9.c3 c6 10.Qc2 Qc7 11.O-O-O O-O-O 12.c4 dxc4 13.Nxc4 Bf4 14.Kb1 Nd5 
15.Qa4 Bxf3 16.gxf3 Kb8 17.Rc1 N7b6 18.Qb3 Rhe8 19.Rhe1 Re6 20.a4 Rde8 21.
Be4 Bxe3 22.fxe3 g6 23.Ne5 f6 24.Nd3 f5 25.Bxd5 Nxd5 26.Nc5 Rxe3 27.Rxe3 
Rxe3 28.Na6+ Kc8 29.Qxe3 Nxe3 30.Nxc7 Kxc7 31.Re1 f4 32.Ka2 Kd6 33.Kb3 Kd5
34.Kc3 a5 35.Kd3 Nc4 36.b3 Ne3 37.h4 b6 38.h5 g5 39.h6 g4 40.fxg4 Nxg4 41.
Rf1 Nxh6 42.Rxf4 b5 43.Rh4 Nf5 44.Rh5 Ke6 45.Rxh7 Ne7 46.Rh6+ Kd7 47.axb5 
cxb5 48.Rb6 b4 49.Kc4 Nc8 50.Rh6 Nd6+ 51.Kd5 Nb5 52.Rh7+ Kd8 53.Kc5 Nc3 
54.Ra7 Ne4+ 55.Kd5 Nd2 56.Rxa5 Nxb3 57.Rb5 Kc7 58.Rxb4 Na5 59.Ke6 Nb7 60.
Rxb7+ 1-0

[Event "10th EUR-ch (w)"]
[Site "Sankt Petersburg RUS"]
[Date "2009.03.18"]
[Round "10"]
[White "Azimova, Karina"]
[Black "Tskhadadze, Anna"]
[Result "1-0"]
[WhiteElo "1940"]
[BlackElo "1821"]
[EventDate "2009.03.08"]
[PlyCount "67"]

1.e4 c5 2.Nf3 d6 3.d4 cxd4 4.Nxd4 Nf6 5.Nc3 g6 6.Be2 Bg7 7.Be3 a6 8.O-O 
Nbd7 9.Nb3 b5 10.f4 Bb7 11.Bf3 b4 12.Nd5 Nxd5 13.exd5 Bxb2 14.Rb1 Bg7 15.
Nd4 Nf6 16.Rxb4 Nxd5 17.Bxd5 Bxd5 18.Nf5 Bc3 19.Qxd5 Bxb4 20.Nh6 e6 21.Qd4
Rf8 22.Qxb4 Qc7 23.Bd4 Ke7 24.Ng4 Rfc8 25.c3 Rab8 26.Qa3 Qc6 27.Rd1 f5 28.
Bf6+ Kf7 29.Ne5+ Kxf6 30.Nxc6 Rxc6 31.Rxd6 Rb1+ 32.Kf2 Rxd6 33.Qxd6 Rb2+ 
34.Kf3 1-0

[Event "10th EUR-ch (w)"]
[Site "Sankt Petersburg RUS"]
[Date "2009.03.18"]
[Round "10"]
[White "Ovod, Irina"]
[Black "Chetina, Elizaveta"]
[Result "1-0"]
[WhiteElo "1777"]
[BlackElo "1646"]
[EventDate "2009.03.08"]
[PlyCount "91"]

1.Nf3 d5 2.d3 Nf6 3.b3 e6 4.Bb2 Be7 5.Nbd2 O-O 6.e3 Nbd7 7.Be2 b6 8.O-O 
Bb7 9.c4 c6 10.d4 Rc8 11.Ne1 Bd6 12.f4 Ne4 13.Nef3 f5 14.Rc1 Rf6 15.Nxe4 
fxe4 16.Ne5 Bxe5 17.fxe5 Rh6 18.Rf4 Qe7 19.Qd2 Rf8 20.Rcf1 g6 21.Bc1 Ba6 
22.Qc2 Rxf4 23.Rxf4 Rh4 24.g3 Rxf4 25.exf4 Qf8 26.Be3 c5 27.Kg2 Kg7 28.h4 
h5 29.g4 Qe7 30.Kg3 hxg4 31.Bxg4 Kf7 32.cxd5 Bd3 33.dxe6+ Kg7 34.Qf2 cxd4 
35.Bxd4 Nc5 36.Bxc5 bxc5 37.Qd2 Qc7 38.Qc3 Qe7 39.h5 gxh5 40.Bxh5 Kh6 41.
Bf7 Kg7 42.Qd2 Qf8 43.f5 Kh7 44.Qg5 Qg7 45.Qxg7+ Kxg7 46.Bh5 1-0

[Event "10th EUR-ch (w)"]
[Site "Sankt Petersburg RUS"]
[Date "2009.03.19"]
[Round "11"]
[White "Lomineishvili, Maia"]
[Black "Pogonina, Natalia"]
[Result "1/2-1/2"]
[WhiteElo "2437"]
[BlackElo "2467"]
[EventDate "2009.03.08"]
[PlyCount "120"]

1.d4 Nf6 2.c4 e6 3.Nc3 Bb4 4.Nf3 d5 5.cxd5 exd5 6.Bg5 h6 7.Bh4 g5 8.Bg3 
Ne4 9.Nd2 Nxg3 10.hxg3 c6 11.e3 Bf8 12.Qb3 Bg7 13.Bd3 Nd7 14.O-O-O Nf6 15.
Kb1 O-O 16.Qc2 Re8 17.Nf3 Be6 18.Ne5 c5 19.f4 cxd4 20.exd4 g4 21.Rh4 h5 
22.Rdh1 a6 23.f5 Bd7 24.Qb3 Bc6 25.Ne2 a5 26.Nf4 a4 27.Qd1 a3 28.Nxh5 Nxh5
29.Qxg4 Qf6 30.Rxh5 Kf8 31.Qf4 Ra4 32.Nf3 Rxd4 33.Nxd4 Qxd4 34.Qxd4 Bxd4 
35.bxa3 Re3 36.Bc2 Rxg3 37.Rd1 Bf6 38.Rd2 d4 39.Rh3 Rg5 40.g3 Be5 41.Re2 
f6 42.Be4 Ke7 43.Rh4 Kd6 44.g4 Rg8 45.Kc2 Bxe4+ 46.Rxe4 Kd5 47.Re2 Rc8+ 
48.Kd1 Rc3 49.Rh7 d3 50.Rd7+ Kc6 51.Rxe5 Kxd7 52.Re6 Rc4 53.Kd2 Rxg4 54.
Kxd3 Rg3+ 55.Ke4 Rxa3 56.Rxf6 Ke7 57.Rb6 Rxa2 58.Rxb7+ Kf6 59.Rb6+ Kf7 60.
Kf4 Rf2+ 1/2-1/2

[Event "10th EUR-ch (w)"]
[Site "Sankt Petersburg RUS"]
[Date "2009.03.19"]
[Round "11"]
[White "Mkrtchian, Lilit"]
[Black "Romanko, Marina"]
[Result "1-0"]
[WhiteElo "2460"]
[BlackElo "2226"]
[EventDate "2009.03.08"]
[PlyCount "55"]

1.e4 c5 2.Nf3 d6 3.d4 cxd4 4.Nxd4 Nf6 5.Nc3 a6 6.Bg5 e6 7.f4 Qb6 8.Qd3 
Qxb2 9.Rb1 Qa3 10.f5 Qa5 11.Bxf6 gxf6 12.fxe6 fxe6 13.Qc4 Kd8 14.Rb3 Qe5 
15.Be2 Bh6 16.Rf1 Re8 17.Nf3 Qc5 18.Qd3 Ke7 19.e5 f5 20.Na4 Qa5+ 21.Kf2 
dxe5 22.Qc4 e4 23.Nd4 Nc6 24.Qxc6 Qd2 25.Qc5+ Kf6 26.Nb6 Rb8 27.Nc4 Qg5 
28.Qe5+ 1-0

[Event "10th EUR-ch (w)"]
[Site "Sankt Petersburg RUS"]
[Date "2009.03.19"]
[Round "11"]
[White "Shadrina, Tatiana"]
[Black "Melia, Salome"]
[Result "1-0"]
[WhiteElo "2416"]
[BlackElo "2422"]
[EventDate "2009.03.08"]
[PlyCount "155"]

1.e4 c6 2.d4 d5 3.exd5 cxd5 4.c4 Nf6 5.Nc3 e6 6.Nf3 Bb4 7.cxd5 exd5 8.Bd3 
O-O 9.O-O Bg4 10.Bg5 Bxc3 11.bxc3 Nbd7 12.Rc1 Qa5 13.Qc2 Bxf3 14.gxf3 Rac8
15.Kh1 Rc6 16.Rg1 Kh8 17.Rg3 Rfc8 18.Bd2 Nf8 19.Rcg1 Ng6 20.Rg5 Qc7 21.Qc1
a6 22.Qf1 Qe7 23.Qh3 Kg8 24.Qg2 Kh8 25.Re1 Qc7 26.Rg1 Qe7 27.Qg3 Re8 28.h4
h6 29.Rf5 Rg8 30.h5 Nf8 31.Re5 Re6 32.Qh2 N6d7 33.Rxd5 Rf6 34.Qg3 Ne6 35.
Rf5 Rxf5 36.Bxf5 Qf6 37.Be4 b5 38.Qg4 Nb6 39.Bd3 Rd8 40.a3 Rd5 41.Be4 Rd8 
42.f4 Nc4 43.Bc1 Nd6 44.Bb1 Rc8 45.d5 Nc5 46.Re1 Rd8 47.Be3 Nce4 48.f5 
Qxc3 49.Rg1 Re8 50.Kg2 Qe5 51.Rd1 Qxf5 52.Qxf5 Nxf5 53.Bb6 Nh4+ 54.Kh3 Nc3
55.Kxh4 Nxd1 56.d6 Nc3 57.d7 Rg8 58.Bc2 Nd5 59.d8=Q Rxd8 60.Bxd8 Kg8 61.
Ba5 Kf8 62.Be4 Nf4 63.Bb7 Nd3 64.Kg3 f5 65.Bxa6 Kf7 66.Bxb5 Nc5 67.Bb6 
Ne4+ 68.Kf4 Nd6 69.Bc6 Ke6 70.a4 Nc4 71.Bc7 Nb2 72.Bb5 Nd1 73.a5 Nc3 74.
Bc4+ Kd7 75.Be5 Ne4 76.a6 Kc6 77.a7 Kb7 78.Bd4 1-0

[Event "10th EUR-ch (w)"]
[Site "Sankt Petersburg RUS"]
[Date "2009.03.19"]
[Round "11"]
[White "Foisor, Cristina"]
[Black "Paulet, Iozefina"]
[Result "1/2-1/2"]
[WhiteElo "2412"]
[BlackElo "2315"]
[EventDate "2009.03.08"]
[PlyCount "103"]

1.Nf3 Nf6 2.c4 e6 3.g3 b6 4.Bg2 Bb7 5.O-O c5 6.Nc3 Be7 7.Re1 d6 8.e4 a6 9.
d4 cxd4 10.Nxd4 Qc7 11.Be3 O-O 12.Rc1 Nbd7 13.f4 Rac8 14.Bf2 Rfd8 15.b3 
Bf8 16.f5 e5 17.Nc2 b5 18.Nd5 Qb8 19.cxb5 axb5 20.Nce3 Rxc1 21.Qxc1 Nxd5 
22.exd5 Qa8 23.Qd2 Rc8 24.Ra1 Qa3 25.Be1 Be7 26.Qe2 Ba6 27.h4 Bf6 28.Rd1 
e4 29.Ng4 h5 30.Nf2 b4 31.Qxe4 Qxa2 32.Qxb4 Nc5 33.Rc1 Qb2 34.Rd1 Re8 35.
Bf3 Qe5 36.Qf4 Qxf4 37.gxf4 Nxb3 38.Ne4 Be2 39.Nxf6+ gxf6 40.Bxe2 Rxe2 41.
Bb4 Nc5 42.Bxc5 dxc5 43.Rc1 Kf8 44.Rxc5 Re4 45.Kf2 Rxf4+ 46.Ke3 Rxh4 47.
Rc7 Ra4 48.d6 Ke8 49.Re7+ Kf8 50.Rb7 Ke8 51.Re7+ Kf8 52.Rb7 1/2-1/2

[Event "10th EUR-ch (w)"]
[Site "Sankt Petersburg RUS"]
[Date "2009.03.19"]
[Round "11"]
[White "Dzagnidze, Nana"]
[Black "Severiukhina, Zoya"]
[Result "1-0"]
[WhiteElo "2518"]
[BlackElo "2327"]
[EventDate "2009.03.08"]
[PlyCount "113"]

1.d4 g6 2.e4 Bg7 3.Nf3 d6 4.Nc3 Nf6 5.Bg5 c6 6.Qd2 b5 7.Bd3 O-O 8.Bh6 Bg4 
9.O-O-O e5 10.Bxg7 Kxg7 11.Ne2 Nbd7 12.h3 Bxf3 13.gxf3 Qb6 14.h4 c5 15.
dxc5 dxc5 16.c4 Qe6 17.f4 bxc4 18.Bb1 exf4 19.Nxf4 Qe5 20.h5 Nb6 21.Ne2 c3
22.h6+ Kg8 23.Qxc3 Qxc3+ 24.Nxc3 Ng4 25.Rd2 Nc4 26.Re2 Rad8 27.f3 Nge5 28.
b3 Nb6 29.f4 Nd3+ 30.Bxd3 Rxd3 31.Kc2 Rf3 32.Rh4 Rd8 33.Rd2 Rxd2+ 34.Kxd2 
c4 35.b4 Rf2+ 36.Ke3 Rc2 37.Kd4 Rd2+ 38.Kc5 Rd3 39.Nd5 c3 40.Rh1 Na4+ 41.
Kb5 Nb2 42.Rc1 Nd1 43.Kc4 Rd2 44.Nxc3 Ne3+ 45.Kb5 f5 46.exf5 gxf5 47.Ka6 
Rd7 48.a4 Kf7 49.a5 Kg6 50.Nb5 Nd5 51.Rc4 Kxh6 52.Nxa7 Nc7+ 53.Rxc7 Rxc7 
54.b5 Kg7 55.b6 Re7 56.b7 Re8 57.Nc8 1-0

[Event "10th EUR-ch (w)"]
[Site "Sankt Petersburg RUS"]
[Date "2009.03.19"]
[Round "11"]
[White "Shumiakina, Tatiana"]
[Black "Arakhamia-Grant, Ketevan"]
[Result "0-1"]
[WhiteElo "2324"]
[BlackElo "2500"]
[EventDate "2009.03.08"]
[PlyCount "168"]

1.d4 Nf6 2.Nf3 g6 3.c4 Bg7 4.g3 O-O 5.Bg2 d6 6.O-O Nc6 7.Nc3 a6 8.b3 Rb8 
9.Nd5 Nh5 10.Bb2 e6 11.Nc3 Ne7 12.e4 b5 13.cxb5 axb5 14.b4 Bd7 15.Qd2 Nc8 
16.Qd3 Nb6 17.Nd2 f5 18.Rfe1 f4 19.e5 d5 20.Nf3 g5 21.g4 Bh6 22.h3 Ng7 23.
Bc1 Nc4 24.Bf1 Be8 25.Qc2 Bg6 26.Bd3 Bxd3 27.Qxd3 Ne8 28.Rb1 c6 29.Kg2 Rf7
30.a3 Nc7 31.Rh1 Rg7 32.Rb3 Qe7 33.Nb1 Kh8 34.Rc3 Rbg8 35.Nbd2 Rg6 36.Nb1 
Bf8 37.Nbd2 Qf7 38.Nb1 Be7 39.Rb3 R6g7 40.Rc3 Na8 41.Qc2 Nab6 42.Rb3 Nd7 
43.Nc3 Ra8 44.Nb1 h5 45.Nbd2 Rh7 46.Nh2 Kg7 47.Ndf3 Nf8 48.Kf1 Ng6 49.Rg1 
hxg4 50.Rxg4 Rh5 51.h4 Qf5 52.Qd3 Rah8 53.Rg2 Nxh4 54.Nxh4 Rxh4 55.Qxf5 
exf5 56.Kg1 Kf7 57.f3 Ke6 58.Nf1 Bd8 59.Kf2 R8h5 60.Ke2 Bb6 61.Rd3 Rh1 62.
Rd1 Kd7 63.Rd3 Bd8 64.Rd1 Be7 65.Rd3 Rh8 66.Rd1 Ra8 67.Rd3 Ra7 68.Kf2 Rh8 
69.Rh2 Rha8 70.Rh7 Nxa3 71.Nd2 Nc4 72.Nb3 Ke6 73.Rh6+ Kf7 74.Rxc6 Bxb4 75.
Rf6+ Ke7 76.Rxf5 Ra2+ 77.Kf1 Rg8 78.Rf6 Rh8 79.Kg1 Rah2 80.Bxf4 gxf4 81.
Rxf4 Rh1+ 82.Kg2 R8h2+ 83.Kg3 Be1+ 84.Kg4 Rg2+ 0-1

[Event "10th EUR-ch (w)"]
[Site "Sankt Petersburg RUS"]
[Date "2009.03.19"]
[Round "11"]
[White "Zhukova, Natalia"]
[Black "Galoian, Lilit"]
[Result "1-0"]
[WhiteElo "2490"]
[BlackElo "2316"]
[EventDate "2009.03.08"]
[PlyCount "73"]

1.d4 d5 2.c4 c6 3.Nf3 Nf6 4.e3 Bf5 5.Nc3 e6 6.Nh4 Bg4 7.Qb3 Qc7 8.h3 Bh5 
9.g4 Bg6 10.Nxg6 hxg6 11.Bg2 Nbd7 12.Bd2 Bd6 13.Rc1 dxc4 14.Qxc4 Rc8 15.
Qb3 Qb8 16.f4 O-O 17.O-O c5 18.Bxb7 Rc7 19.Bf3 cxd4 20.exd4 Qxb3 21.axb3 
Rb8 22.Bd1 Kf8 23.Ra1 Bb4 24.f5 gxf5 25.Bf4 Rxc3 26.bxc3 Bxc3 27.Bxb8 
Bxd4+ 28.Kg2 Bxa1 29.Bxa7 fxg4 30.hxg4 Nd5 31.b4 Bc3 32.b5 N7b6 33.Kf3 Ke7
34.Bb3 f5 35.gxf5 exf5 36.Rd1 Kd6 37.Bxb6 1-0

[Event "10th EUR-ch (w)"]
[Site "Sankt Petersburg RUS"]
[Date "2009.03.19"]
[Round "11"]
[White "Nebolsina, Vera"]
[Black "Peng Zhaoqin"]
[Result "0-1"]
[WhiteElo "2312"]
[BlackElo "2461"]
[EventDate "2009.03.08"]
[PlyCount "166"]

1.d4 Nf6 2.c4 c5 3.d5 e5 4.Nc3 d6 5.e4 Be7 6.Bd3 Nbd7 7.Nge2 h5 8.Bd2 h4 
9.Qc2 a6 10.a4 Nf8 11.a5 h3 12.g3 Bg4 13.Ng1 b6 14.f3 Bd7 15.Nge2 Ng6 16.
O-O bxa5 17.Nd1 a4 18.Qc1 O-O 19.Bc2 Nh7 20.Ne3 Bg5 21.Nf5 Bxd2 22.Qxd2 
Qf6 23.Nc3 Rab8 24.Nxa4 Ne7 25.Ne3 Qh6 26.Rf2 Ng5 27.f4 exf4 28.gxf4 Nh7 
29.Kh1 Ng6 30.Rg1 Kh8 31.Ng4 Bxg4 32.Rxg4 f5 33.exf5 Nh4 34.Qd3 Rbe8 35.
Qxh3 Re1+ 36.Rg1 Rfe8 37.Rff1 R1e2 38.Bd1 R2e3 39.Rg3 Re1 40.Rgg1 Rxf1 41.
Rxf1 Nf6 42.Nc3 Kg8 43.Bc2 Qh5 44.Bd1 Qh6 45.Qd3 Kf7 46.h3 Qh7 47.Bc2 Qh5 
48.Kg1 Kf8 49.Kf2 Qh6 50.Qg3 Qh5 51.Rg1 Re7 52.Qd3 Qh6 53.Rg5 Nh7 54.Qg3 
Qf6 55.Qxh4 Qd4+ 56.Kf1 Nxg5 57.Qh8+ Kf7 58.Qh5+ Kf8 59.Ne2 Rxe2 60.Qxe2 
Qxf4+ 61.Kg2 Nh7 62.b3 Ng5 63.Bd3 Nf7 64.Qf2 Qg5+ 65.Kh2 Ne5 66.Be4 Kf7 
67.Qg3 Qd2+ 68.Bg2 a5 69.h4 Qc2 70.Qh3 Qf2 71.h5 Qe2 72.Kg1 Ng4 73.Qf3 
Qe1+ 74.Bf1 Ne3 75.h6 gxh6 76.Qh5+ Ke7 77.f6+ Kd8 78.Qe2 Qxf1+ 79.Qxf1 
Nxf1 80.Kxf1 Ke8 81.Kf2 Kf7 82.Kf3 Kxf6 83.Kg4 Ke5 0-1